Mzdy bez starosti, personalistika s přehledem

Outsourcing a personálna práca. Náklady na zaisťovanie pracovného miesta personalistu a mzdovej účtovníčky mesačne. Náklady na poskytované outsourcingové aktivity personalistu a mzdovej účtovníčky mesačne. Porovnanie nákladov.

Gespeichert in:
Bibliographische Detailangaben
1. Verfasser: Goldmannová, Eva
Format: Buchkapitel
Sprache:Tschechisch
Schlagworte:
Tags: Tag hinzufügen
Keine Tags, Fügen Sie das erste Tag hinzu!

MARC

LEADER 00000naa$a2200000$$$4500
001 0095637
005 20231019115001.4
041 0 |a cze 
044 |a CZ 
245 1 0 |a Mzdy bez starosti, personalistika s přehledem  |c Eva Goldmannová 
520 |a Outsourcing a personálna práca. Náklady na zaisťovanie pracovného miesta personalistu a mzdovej účtovníčky mesačne. Náklady na poskytované outsourcingové aktivity personalistu a mzdovej účtovníčky mesačne. Porovnanie nákladov. 
610 2 0 |a náklady 
610 2 0 |a práca personálna 
610 2 0 |a účtovníctvo mzdové 
610 2 0 |a náklady personálne 
610 2 0 |a náklady mzdové 
610 2 0 |a outsourcing 
100 1 |a Goldmannová, Eva